Régimen jurídico del gasto público : presupuestación, ejecución y control / José Pascual García presupuestación, ejecución y control / José Pascual García
ISBN:
84-340-1070-4
Descripción Física:
791 p. ; 21 cm
Colección:
Estudios jurídicos ; 9
MARC
| LEADER | 00000nam a2200000Ia 4500 | ||
|---|---|---|---|
| 001 | 15073 | ||
| 008 | 160829s1999 xx 000 0 cat d | ||
| 020 | |a 84-340-1070-4 | ||
| 080 | |a D-3-23 | ||
| 100 | |a Pascual García, José |9 423 | ||
| 245 | |a Régimen jurídico del gasto público : |b presupuestación, ejecución y control / José Pascual García | ||
| 260 | |a Madrid : |b Ministerio de la Presidencia, Boletín Oficial del Estado, |c 1999 | ||
| 300 | |a 791 p. ; |c 21 cm | ||
| 490 | |a Estudios jurídicos ; 9 | ||
| 590 | |a Reimpressions: 1999. | ||
| 590 | |a Bibliografia | ||
| 650 | |a Dret pressupostari |9 27190 | ||
| 650 | |a Despeses públiques |x Dret i legislació |x Espanya |9 27191 | ||
| 650 | 0 | |a Pressupost |z Espanya |x Dret i legislació |9 28902 | |
| 710 | 1 | |a Boletín Oficial del Estado (BOE) (Espanya) |9 54801 | |
| 901 | |a Arxiu | ||
| 942 | |n 1 | ||
| 952 | |0 1 |1 0 |2 udc |4 0 |5 2 |6 D323 |7 1 |9 44305 |a Arxiu |b Arxiu |d 2016-12-01 |l 0 |o D-3-23 |p 15073 |r 2016-12-01 00:00:00 |w 2016-12-01 |y ARXIU | ||
| 999 | |c 46885 |d 46885 | ||